Powiaty w województwie Dolnośląskim - Statystyki

Ogólne statystyki
  • Ten quiz został rozwiązany 22 razy
  • Średni wynik to 6 z 10
Answers on the Grid
Answers color-coded by a green-red scale on the quiz's grid according to % correct below.
Wałbrzych
Jaworski
Dolnobrzeski
Wołowski
Siechnicki
Lubawski
Oławski
Średzki
Malczycki
Lubin
Legnica
Głogowski
Namysłowski
Jelenia Góra
Wałbrzyski
Brzeski
Strzeliński
 
Statystyki odpowiedzi
Odpowiedź % Poprawnych
Legnica
83%
Wałbrzych
75%
Głogowski
67%
Oławski
67%
Jelenia Góra
58%
Strzeliński
58%
Wałbrzyski
58%
Jaworski
42%
Wołowski
42%
Średzki
25%
Nie znaleziono quizów pasujących do podanych kryteriów
Rozkład punktacji
Procent ludzi z każdym wynikiem
Percentyl według liczby udzielonych odpowiedzi
Twoja historia wyników
Nie rozwiązałeś tego quizu